Tennis - Tennisman français - Mort Subite - Statistiques

Statistiques générales
  • Ce quiz a été pris 687 fois
  • Le résultat moyen est 14 sur 21
Answers on the Grid
Answers color-coded by a green-red scale on the quiz's grid according to % correct below.
Gaël Monfils
Stanislas Wawrinka
Arthur Fils
Quentin Halys
Raphaël Collignon
Zizou Bergs
Alexandre Müller
Giovanni Mpetshi Perricard
Félix Auger-Aliassime
Gabriel Diallo
David Goffin
Corentin Moutet
Hugo Gaston
Hugo Dellien
Arthur Rinderknech
Benjamin Bonzi
Ugo Humbert
Arthur Cazaux
Tristan Boyer
Moise Kouame
Valentin Royer
Térence Atmane
Hugo Grenier
Richard Gasquet
Alexis Galarneau
Hubert Hurkacz
Adrian Mannarino
Luca Van Assche
Calvin Hémery
Jo-Wilfried Tsonga
Benjamin Hassan
Titouan Droguet
 
Statistiques - réponses
Réponse % Correct
Gaël Monfils
88%
Arthur Fils
85%
Jo-Wilfried Tsonga
83%
Richard Gasquet
82%
Corentin Moutet
80%
Ugo Humbert
80%
Hugo Gaston
79%
Adrian Mannarino
72%
Arthur Cazaux
72%
Giovanni Mpetshi Perricard
72%
Arthur Rinderknech
71%
Benjamin Bonzi
70%
Quentin Halys
70%
Alexandre Müller
64%
Luca Van Assche
62%
Térence Atmane
59%
Hugo Grenier
57%
Titouan Droguet
57%
Valentin Royer
56%
Moise Kouame
51%
Calvin Hémery
29%
Aucun quiz correspondant
Distribution des résultats
% des personnes avec chaque résultat
Percentile par nombre de réponses
Votre historique - résultats
Vous n’avez pas pris ce quiz